00604 2200241 4500001002100000005001700021008004100038035002400079041000800103043001200111082000800123090001500131100001700146245003900163260004200202300001800244440001800262500003100280500001100311650001300322850001200335990001500347YOGYA-0209000005268720090227033014.0 ind  0010-020900000052687 aInd aYOPDYOG a808 a808bKer D aKERAF, Gorys aDiksi dan gaya bahasacGorys Keraf aJakartabGramedia Pustaka Utamac1991 axiii, 155 hlm aSeri Retorika aBibliografi : hlm. 147-148 aIndeks aRetorika aYOPDYOG a93P0045305